MDQL
is popping MORE tags! Check the
thread
!
Quizzes
Events
Quiz Creation
Community
Videos
Private Events
Remove Ads
Sign In
Join for FREE
Feedback
Dark Mode
Quiz Categories
Sports
Geography
Music
Movies
Television
Just For Fun
Miscellaneous
History
Literature
Language
Science
Gaming
Entertainment
Religion
Holiday
For Kids
Quiz Lab
Recent
Popular Today
Quiz Kudos Today
Editor Picks
Curator Picks
Quizzes by...
Day
Popularity
Type
Ratings
Length
Year
Community
Subscriptions
Recent Discussions
Orange Saloon
Badges
Playlists
Quests
Create
Leaderboards
Showdown
Live 5
Trivia Bingo
Activity
Puzzle Library
Sporcle Events
Private Events
Virtual Trivia
Globe League
Become a Host
Pub Owners
SporcleCon
Opinionation
Our Games
Videos
Blog
Mobile Apps
Partnerships
Remove Ads and Go Orange
Feedback
Gaming
Video Games
Board Games
Card Games
Pokémon
Mario
Nintendo
Minecraft
Console
Toys
Legend of Zelda
Gaming
Video Games
Board Games
Card Games
Pokémon
Mario
Nintendo
Minecraft
Console
Toys
Legend of Zelda
Random Quiz
Search Sporcle
×
Quiz Lab
Quiz Lab
Gaming
esports
Type in answers that appear in a list
Type in answers that appear in a list
Classic
Best Score? Go Orange.
World Championship rosters 2014 (League of Legends) Stats
Can you name every player participating in the World Championship 2014 (League of Legends)?
By
PropagandaPanda
20m
82 Questions
190 Plays
190 Plays
190 Plays
Comments
Comments
Give Quiz Kudos
Give Quiz Kudos
-
- Ratings
hide this ad
More Info
Replay
Link that replays current quiz
Next Quiz
Link to next quiz in quiz playlist
You Got
0%
They Got
Avg Score
61%
Avg Friend Score
Upgrade to see
Score Distribution
Jump to the score distribution portion of the page
Score
0/82
Timer
20:00
0
Plays Today
team
player
% Correct
Samsung White
Mata
96.3%
Samsung White
imp
95.3%
Fnatic
Rekkles
93.2%
Team SoloMid
Bjergsen
93.2%
Samsung White
Looper
92.6%
EDward Gaming
U
92.6%
Team SoloMid
Dyrus
92.6%
Samsung White
Dandy
92.1%
Samsung White
PawN
92.1%
Star Horn Royal Club
Uzi
92.1%
Fnatic
xPeke
92.1%
Fnatic
YellOwStaR
92.1%
Samsung Blue
Deft
91.1%
Fnatic
sOAZ
91.1%
Cloud 9
Balls
91.1%
Cloud 9
Hai
91.1%
Cloud 9
Sneaky
91.1%
Team SoloMid
WildTurtle
90.5%
Cloud 9
Meteos
89.5%
Samsung Blue
Dade
88.9%
Alliance
Froggen
88.9%
Fnatic
Cyanide
88.4%
Cloud 9
LemonNation
88.4%
Team SoloMid
Lustboy
84.7%
Team SoloMid
Amazing
83.7%
EDward Gaming
Clearlove
78.9%
SK Gaming
Svenskeren
78.9%
ahq e-
Sports Club
westdoor
76.8%
team
player
% Correct
LMQ
XiaoWeiXiao
74.7%
Samsung Blue
Acorn
70.5%
Samsung Blue
Spirit
69.5%
NaJin WhiteShield
GorillA
69.5%
Star Horn Royal Club
inSec
68.9%
Taipei Assassins
BeBe
68.9%
Oh My God
Gogoing
64.7%
Alliance
Wickd
63.7%
EDward Gaming
Koro1
63.2%
SK Gaming
CandyPanda
62.6%
LMQ
Vasilii
62.1%
Oh My God
cool
62.1%
Samsung Blue
Heart
61.1%
Oh My God
san
60.5%
Alliance
Tabzz
58.4%
Alliance
Shook
56.8%
NaJin WhiteShield
Watch
56.3%
Star Horn Royal Club
Zero
56.3%
SK Gaming
Jesiz
55.8%
LMQ
Ackerman
55.8%
LMQ
Mor
55.3%
EDward Gaming
NaMei
54.7%
Star Horn Royal Club
corn
54.7%
SK Gaming
Gilius
54.7%
Alliance
Nyph
54.2%
Oh My God
LoveLing
52.1%
Star Horn Royal Club
Cola
51.6%
SK Gaming
fredy122
50.5%
team
player
% Correct
SK Gaming
nRated
50.5%
EDward Gaming
Fzzf
47.4%
NaJin WhiteShield
Ggoong
43.2%
ahq e-
Sports Club
GreenTea
42.6%
NaJin WhiteShield
Zefa
42.1%
NaJin WhiteShield
Save
41.1%
LMQ
NoName
40%
KaBuM! e-
Sports
TinOwns
39.5%
Taipei Assassins
Winds
36.3%
KaBuM! e-
Sports
Minerva
35.8%
Oh My God
DaDa777
35.3%
Dark Passage
Naru
34.2%
Dark Passage
HolyPhoenix
34.2%
Oh My God
Cloud
34.2%
KaBuM! e-
Sports
LEP
33.7%
Dark Passage
fabFabulous
32.1%
Taipei Assassins
Morning
31.6%
Taipei Assassins
Achie
30.5%
ahq e-
Sports Club
GarnetDevil
30%
KaBuM! e-
Sports
Danagorn
29.5%
KaBuM! e-
Sports
dans
27.4%
Taipei Assassins
Jay
22.6%
Dark Passage
Crystal
22.1%
Dark Passage
Touch
22.1%
ahq e-
Sports Club
NAZ
21.1%
ahq e-
Sports Club
Prydz
20%
Quiz Playlist
Details
Report
Send in Message
Add To Playlist
More Info:
Sub players are only mentioned if they have played in at least one game.
Classic:
Type in answers that appear in a list
Last Updated: May 13, 2017
Quiz Scoreboard
CHALLENGE
Sign Up to Join the Scoreboard
Show All
Scores
Hide
Comments
May contain spoilers
Recently Published
Colored Red Africa Blitz
by spor1
Geography
30s
Find the 'City' Movie
by crazypaving
Movies
60s
5x2 Blitz: Bands
by SL_Kpop136
Music
30s
More to Explore
Quiz From the Vault
Featured Blog Post
14 Easter Pick-up Lines to Find Eggs With
hide this ad
You Might Also Like...
Tags
esports
League of Legends
lol
Today's Top Quizzes in Gaming
Browse Gaming
hide this ad
Today's Top Quizzes in esports
Browse esports
Top Contributed Quizzes in Gaming
1
League of Legends Pro Players by Career/Team History
2
Destiny 2 exotic weapons by perk icons
3
Genshin murder mystery
4
Dead By Daylight Logic Puzzle
5
Genshin Impact Logic Puzzle
6
Valorant Agent Developer Names (Up to Clove)
7
Overwatch 2: Ultimate Ability Icons
8
4x4 Decades: Video Games
9
Who's on the WWE 2K24 Cover?
10
Undertale Logic Puzzle
Explore More
Trending Topics
Harry Potter
Crossword
Kpop
Marvel
Disney
Anime
NBA
The Office
NFL
Puzzle
Pokémon
Country
Song
Soccer
WWE
hide this ad
More By:
PropagandaPanda
Quiz
Plays
Rating
Category
Featured
Created
LEC: Most Valuable Players (LoL)
2,153
5.00
Gaming
May 20, 2017
LCS: Most Valuable Players (LoL)
1,783
5.00
Gaming
May 23, 2017
Who scored against Bayern Munich in 2012/13?
1,554
4.38
Sports
May 16, 2013
LCK: Most Valuable Players (LoL)
1,161
5.00
Gaming
May 20, 2017
Minefield: LoL Worlds 2016 (picked/banned champions)
988
3.67
Gaming
May 2, 2017
Go to Creator's Profile
Score Distribution
Quiz Creator Spotlight
PropagandaPanda
Follow
Send a Message
Quizzes Created
-
Created Quiz Play Count
-
More By This Creator
Popular Quizzes Today
1
Colored Red Africa Blitz
2
Find the US States - No Outlines Minefield
3
Find the 'City' Movie
4
5x2 Blitz: Bands
5
The Countries of the World
6
Find the US States
7
Find the Countries of Europe - No Outlines Minefield
8
US States
More Gaming Quizzes
Little Golden Books Meet Video Games
Editor's Pick
Trending Quizzes
Colored Red Europe Blitz I
Colored Red Europe Blitz II
Colored Red Africa Blitz II
Colored Red Europe Blitz III
Colored Red Africa Blitz III
Recently Updated
How Do You Spell That?
pecheneg
Godzilla Movies
pecheneg
Grab Bag: 4-10 Letters
pecheneg
2024 March Madness Bracket
pecheneg
Famous TV Couples
Peacemaker
Champions League XIs: Real Madrid
pecheneg
Largest US Cities 1790-2010
pecheneg
Rides in Walt Disney World
pecheneg
Most Oscar Losses (Acting)
pecheneg
Beyoncé Albums
pecheneg
Trending Topics
Kpop
Harry Potter
NBA
Marvel
Crossword
Disney
Anime
WWE
Pokémon
Soccer
Puzzle
The Office
Song
NFL
Country
Your Account Isn't Verified!
In order to create a playlist on Sporcle, you need to verify the email address you used during registration. Go to your
Sporcle Settings
to finish the process.
Report this User
Report this user for behavior that violates our
Community Guidelines
.
Details:
Send Report
Go to the Sporcle.com Mobile Site →
Comments